|
|
|
|
| LEADER |
00000nam0a2200000 4500 |
| 001 |
161986 |
| 005 |
20231101222306.0 |
| 010 |
|
|
|a 5982983020
|
| 035 |
|
|
|a (RuTPU)RU\TPU\book\175660
|
| 090 |
|
|
|a 161986
|
| 100 |
|
|
|a 20090616d2008 m y0rusy50 ca
|
| 101 |
0 |
|
|a rus
|
| 102 |
|
|
|a RU
|
| 105 |
|
|
|a a j 001zy
|
| 200 |
1 |
|
|a Энергоэффективность преобразования и транспортировки электрической энергии
|e учебное пособие
|f Г. З. Маркман
|g Томский политехнический университет (ТПУ)
|
| 210 |
|
|
|a Томск
|c Изд-во ТПУ
|d 2008
|
| 215 |
|
|
|a 184 с.
|c ил.
|
| 320 |
|
|
|a Библиогр.: с. 184.
|
| 330 |
|
|
|a В учебном пособии изложены основные принципы комплексного подхода к оценке эффективности использования электрической энергии путем анализа ее различных компонентов: экономичности, надежности и качества. Приводятся методики комплексных энергетических обследований для различных хозяйствующих объектов. Даны примеры практического использования рассматриваемых методов для формирования программы энергосбережения на предприятиях. Пособие разработано в рамках реализации Инновационной образовательной программы ТПУ по направлению "Технологии водородной энергетики, энергосбережение и возобновляемые источники энергии" и предназначено для студентов, аспирантов, обучающихся по энергетическим специальностям, и специалистов, занимающихся вопросами энергосбережения.
|
| 452 |
|
1 |
|0 (RuTPU)RU\TPU\book\204679
|t Энергоэффективность преобразования и транспортировки электрической энергии
|o учебное пособие
|f Г. З. Маркман
|g Томский политехнический университет (ТПУ)
|c Томск
|n Изд-во ТПУ
|d 2008
|a Маркман, Григорий Зямович
|
| 606 |
1 |
|
|a Электрическая энергия
|x Преобразование
|2 stltpush
|3 (RuTPU)RU\TPU\subj\26892
|9 50726
|
| 610 |
1 |
|
|a электроэнергия
|
| 610 |
1 |
|
|a качество
|
| 610 |
1 |
|
|a комплексный анализ
|
| 610 |
1 |
|
|a электроснабжение
|
| 610 |
1 |
|
|a надежность
|
| 610 |
1 |
|
|a экономичность
|
| 610 |
1 |
|
|a оценка
|
| 610 |
1 |
|
|a анализ
|
| 610 |
1 |
|
|a математические модели
|
| 610 |
1 |
|
|a режимы
|
| 610 |
1 |
|
|a энергетические обследования
|
| 610 |
1 |
|
|a информационное обеспечение
|
| 610 |
1 |
|
|a энергетическая эффективность
|
| 610 |
1 |
|
|a учебные пособия
|
| 610 |
1 |
|
|a труды учёных ТПУ
|
| 610 |
1 |
|
|a энергосбережение
|
| 610 |
1 |
|
|a водородная энергетика
|
| 610 |
1 |
|
|a возобновляемые источники энергии
|
| 675 |
|
|
|a 621.31.031(075.8)
|v 3
|
| 700 |
|
1 |
|a Маркман
|b Г. З.
|g Григорий Зямович
|
| 712 |
0 |
2 |
|a Томский политехнический университет (ТПУ)
|c (1991- )
|2 stltpush
|3 (RuTPU)RU\TPU\col\376
|
| 801 |
|
1 |
|a RU
|b 63413507
|c 20090616
|g PSBO
|
| 801 |
|
2 |
|a RU
|b 63413507
|c 20201007
|g PSBO
|
| 942 |
|
|
|c BK
|